00502 2200193 4500001002100000005001500021035002000036007000300056008004100059020002200100082001200122084001800134100002000152245004900172250001100221260002600232300004100258650000900299INLIS00000000000203420260223082924 a0010-0226000044ta260223 g 0 ind  a978-979-044-026-5 a618.242 a618.242 DR. g0 aDr. Arisman, MB1 aGizi dalam Daur Kehidupan /cDr. Arisman, MB aCet. 1 aJakarta :bEGC,c2010 axvii + 275 hlm :b- ;c15,,5 x 24 cm aGizi